000
00270cam a22000977a 4500
008
180718b1953 xxu||||| |||| 00| 0 eng d
082
_a
R6603x5444 M999r
245
_a
Mysore workmen's compensation rules, 1953
260
_a
Bangalore
_b
Government Press
_c
1953
300
_a
53p
999
_c
419753
_d
419753